| 000 | 008370000a22002050004500 | ||
|---|---|---|---|
| 041 | 0 | _aENG | |
| 082 | 0 | 4 | _aG 108 S3583h |
| 100 | 1 | _aSchneider, Herbert W. | |
| 245 | 1 | 0 | _aA history of American philosophy / Herbert W. Schneider |
| 260 | _aNew York, USA : Columbia University Press | ||
| 300 | _a646 páginas | ||
| 501 | _aPasta dura | ||
| 505 | 0 | 0 | _aLa historia de la filosofía de América del norte -- El platonismo y el empirismo en América Colonial -- La iluminación americana -- El nacionalismo y la democracia -- La ortodoxia -- El trascendentalismo -- La evolución y el progreso humano -- Los idealismos -- El empirismo radical |
| 650 | 1 | 4 | _aFILOSOFIA - HISTORIA - AMERICA |
| 001 | 595 | ||
| 942 | _cBK | ||
| 999 |
_c32105 _d32105 |
||
| 336 |
_atexto _btxt _2rdacontent |
||
| 337 |
_2rdamedia _asin mediación _bn |
||
| 338 |
_2rdacarrier _avolumen _bnc |
||